00640nam a2200193Ia 4500003000900000008004100009020001600050040001600066080001500082245007800097260003900175300001500214650002400229650004900253700003100302942000700333999001500340952009100355IN-BaIIA211028s9999 xx 000 0 eng d a486-62127-8 cIIA Library a524.1bCOS 0aSelected papers on cosmic ray origin theoriescedited by by Stephen Rosen aNew YorkbDover Publicationsc1969 avii, 439p. a Cosmic rays97990 aAstronomy and astrophysics thesaurus 91143 aRosen, Stephen., ed.96997 cBK c4548d4548 00104070aBANbBANcGENd1974-10-09l0o524.1/ COSp5075r2021-11-05w1974-10-09yBK